000 00331pab a2200145 454500
008 180718b1990 xxu||||| |||| 00| 0 eng d
100 _aSarda, Narayan
245 _aRevenue audit of commerical banks
260 _c1990
300 _a918-21
362 _aJune
650 _aBanks
773 _aChartered Accountant
909 _a4583
999 _c4583
_d4583